El paseo Santa Lucía: Memoria de los trabajos ejecutados desde el 1§ de junio al 10 de setiembre. Leída a la Comisión Directiva del paseo por el Intendente de Santiago
Na minha lista:
| Autor principal: | |
|---|---|
| Formato: | Livro |
| Idioma: | espanhol |
| Publicado em: |
Santiago
Imprenta de la Librería del Mercurio, de Orestes L. Tornero
1872
|
| Edição: | 1a. ed |
| Assuntos: | |
| Tags: |
Adicionar Tag
Sem tags, seja o primeiro a adicionar uma tag!
|
MARC
| LEADER | 00000nam a2200000 a 4500 | ||
|---|---|---|---|
| 001 | UCJ4673 | ||
| 003 | CL-VaPUC | ||
| 008 | 070124e18720000CL |||||||||||||||||spa|d | ||
| 082 | 0 | 4 | |a 983 |b VIC |2 21 |
| 100 | |a Vicuña Mackenna, Benjamín, |d 1831-1886 |x Político e historiador |z Chile |e author |9 374 | ||
| 245 | 1 | 3 | |a El paseo Santa Lucía: Memoria de los trabajos ejecutados desde el 1§ de junio al 10 de setiembre. Leída a la Comisión Directiva del paseo por el Intendente de Santiago |
| 250 | |a 1a. ed | ||
| 300 | |a 96 p | ||
| 942 | |c BK | ||
| 945 | |d 20070124 00:00:00 |a rinostro | ||
| 260 | |a Santiago |b Imprenta de la Librería del Mercurio, de Orestes L. Tornero |c 1872 | ||
| 500 | |a Esta obra se encuentra empastada junto a 'El castigo de la calumnia', copia 2, del mismo autor, en un volumen rotulado {borrosamente} Vicuña, Obras, 983.08 VIC. Benelli, Bibliografía, N§ 57 | ||
| 600 | 0 | 7 | |a ANSART, ERNESTO |2 CL-VaPUC |9 508801 |
| 600 | 0 | 7 | |a TALLMAN, BENJAMIN |2 CL-VaPUC |9 508802 |
| 650 | 7 | |a CALLES Y PASEOS |2 CL-VaPUC |9 329702 | |
| 650 | 0 | |a Obras públicas |9 261125 | |
| 650 | 7 | |a DOCUMENTOS |2 CL-VaPUC |9 366450 | |
| 650 | 0 | |a Historia local |9 266584 | |
| 650 | 0 | |a Historia de Chile |9 265473 | |
| 651 | 0 | |a Santiago |9 265444 | |
| 651 | 7 | |a CERRO SANTA LUCIA |2 CL-VaPUC |9 344712 | |
| 583 | |a last modification |c 20070124 00:00:00 |k Rodrigo Vera | ||
| 999 | |c 320789 |d 320787 | ||
| 952 | |0 0 |1 0 |4 0 |6 983_000000000000000_VIC_1872 |7 0 |8 X |9 399387 |a FDOBUD |b FDOBUD |d 2019-11-22 |i 1020064 |o 983 VIC 1872 |p 1020064 |r 2019-11-22 |w 2019-11-22 |y BK_X |k BUD | ||